30 сентября 1888. Обед (Запись № 13295280)

Подробности
000 -МАРКЕР
контрольное поле 04238nkm0a2200469 4500
001 - ИДЕНТИФИКАТОР ЗАПИСИ
контрольное поле RU\NLR\BIBL_A\010799332
005 - ИДЕНТИФИКАТОР ВЕРСИИ
контрольное поле 20260407120556.0
035 ## - ДРУГИЕ СИСТЕМНЫЕ НОМЕРА
Идентификатор записи (NLR Aleph) 010799332
100 ## - ДАННЫЕ ОБЩЕЙ ОБРАБОТКИ
Данные общей обработки 20150707d1888 |||y0rusy50 ca
101 0# - ЯЗЫК РЕСУРСА
Язык текста, звукозаписи и т.д. русский
102 ## - СТРАНА ПУБЛИКАЦИИ ИЛИ ПРОИЗВОДСТВА
Страна публикации Российская Федерация
116 ## - ПОЛЕ КОДИРОВАННЫХ ДАННЫХ: ИЗОБРАЗИТЕЛЬНЫЕ МАТЕРИАЛЫ
Кодированные данные для изобразительных материалов. iiycxx bf zz
135 ## - ПОЛЕ КОДИРОВАННЫХ ДАННЫХ: ЭЛЕКТРОННЫЕ РЕСУРСЫ
Кодированные данные для электронного ресурса crcn 024anaba
200 1# - ЗАГЛАВИЕ И СВЕДЕНИЯ ОБ ОТВЕТСТВЕННОСТИ
Основное заглавие 30 сентября 1888. Обед
Общее обозначение материала Изоматериал
Сведения, относящиеся к заглавию [меню]
210 ## - ПУБЛИКАЦИЯ, РАСПРОСТРАНЕНИЕ И ДР.
Место издания, распространения и т.д. С.П.Б. [Санкт-Петербург]
Имя издателя, распространителя и т. д. Лит. А. Ильина
Дата издания, распространения и т.д. [1888]
215 ## - ФИЗИЧЕСКАЯ ХАРАКТЕРИСТИКА
Специфическое обозначение материала и объем 1 л.
Другие сведения о физической характеристике хромолитогр.
Размеры 40,1х24,7
300 ## - ОБЩИЕ ПРИМЕЧАНИЯ
Текст примечания Внизу слева факс. подписи художника: Мезенцов
325 1# - ПРИМЕЧАНИЕ О КОПИИ
Текст примечания Копия доступна в электронной библиотеке РНБ
327 0# - ПРИМЕЧАНИЯ О СОДЕРЖАНИИ
Текст примечания Меню парадного обеда для высших военных и гражданских властей, духовенства, представителей дворянства и иностранных дипломатов во дворце в Тифлисе 30 сентября 1888 г., устроенного во время путешествия императора Александра III и императрицы Марии Федоровны на Кавказ
327 0# - ПРИМЕЧАНИЯ О СОДЕРЖАНИИ
Текст примечания Трое мужчин и женщина в национальных костюмах на фоне кавказского пейзажа; на резном деревянном портале щит с двуглавым орлом и гербы губерний: Тифлисской (в центре), Кутаисской, Елисаветпольской, Эриванской (слева), Дагестанской и Бакинской (справа)
540 1# - ДОПОЛНИТЕЛЬНОЕ ЗАГЛАВИЕ, ПРИМЕНЯЕМОЕ КАТАЛОГИЗАТОРОМ
Заглавие Меню парадного обеда для высших военных и гражданских властей, духовенства, представителей дворянства и иностранных дипломатов во дворце в Тифлисе 30 сентября 1888 г., устроенного во время путешествия императора Александра III и императрицы Марии Федоровны на Кавказ
540 1# - ДОПОЛНИТЕЛЬНОЕ ЗАГЛАВИЕ, ПРИМЕНЯЕМОЕ КАТАЛОГИЗАТОРОМ
Заглавие Путешествие их императорских величеств на Кавказ, меню обеда 30 сентября 1888 года
540 1# - ДОПОЛНИТЕЛЬНОЕ ЗАГЛАВИЕ, ПРИМЕНЯЕМОЕ КАТАЛОГИЗАТОРОМ
Заглавие Трое мужчин и женщина в национальных костюмах на фоне кавказского пейзажа; на резном деревянном портале щит с двуглавым орлом и гербы губерний: Тифлисской (в центре), Кутаисской, Елисаветпольской, Эриванской (слева), Дагестанской и Бакинской (справа)
606 1# - НАИМЕНОВАНИЕ ТЕМЫ КАК ПРЕДМЕТ
Наименование темы Народы Кавказа
Формальный подзаголовок Изоиздания
Тематический подзаголовок История
Хронологический подзаголовок 19 в.
Системный номер авторитетной/нормативной записи 2262456
Идентификатор авторитетной/нормативной записи RU\NLR\AUTH\6601586174
606 1# - НАИМЕНОВАНИЕ ТЕМЫ КАК ПРЕДМЕТ
Наименование темы Гербы
Формальный подзаголовок Изоиздания
Географический подзаголовок Россия
Системный номер авторитетной/нормативной записи 2262458
Идентификатор авторитетной/нормативной записи RU\NLR\AUTH\6601586175
608 ## - ФОРМА, ЖАНР, ФИЗИЧЕСКИЕ ХАРАКТЕРИСТИКИ ДОКУМЕНТА КАК ТОЧКА ДОСТУПА
Начальный элемент ввода Меню
Тематический подзаголовок Художественное оформление
Географический подзаголовок Россия
Хронологический подзаголовок 19 в.
Системный номер авторитетной/нормативной записи 2323547
Идентификатор авторитетной/нормативной записи RU\NLR\AUTH\661389948
610 1# - НЕКОНТРОЛИРУЕМЫЕ ПРЕДМЕТНЫЕ ТЕРМИНЫ
Предметный термин Меню обеда
610 1# - НЕКОНТРОЛИРУЕМЫЕ ПРЕДМЕТНЫЕ ТЕРМИНЫ
Предметный термин Этнографические изоиздания
617 ## - ИЕРАРХИЧЕСКОЕ ГЕОГРАФИЧЕСКОЕ НАЗВАНИЕ, ИСПОЛЬЗУЕМОЕ КАК ПРЕДМЕТ
Дата 18880930
686 1# - ИНДЕКСЫ ДРУГИХ КЛАССИФИКАЦИЙ
Индекс Щ153(2Р=Рус)53-489
700 #1 - ИМЯ ЛИЦА - ПЕРВИЧНАЯ ОТВЕТСТВЕННОСТЬ
Код отношения Карикатурист, Художник
Начальный элемент ввода Мезенцов
Часть имени, кроме начального элемента ввода И. А.
Расширение инициалов личного имени Иван Александрович
Системный номер авторитетной/нормативной записи 146869
Идентификатор авторитетной/нормативной записи RU\NLR\AUTH\770146905
712 02 - НАИМЕНОВАНИЕ ОРГАНИЗАЦИИ - ВТОРИЧНАЯ ОТВЕТСТВЕННОСТЬ
Код отношения Издатель
-- Печатник (типограф)
Начальный элемент ввода Картографическое заведение А. А. Ильина
Идентифицирующий признак Петербург
Идентификатор авторитетной/нормативной записи RU\NLR\AUTH\889951985
Системный номер авторитетной/нормативной записи 399928
856 #0 - МЕСТОНАХОЖДЕНИЕ ЭЛЕКТРОННЫХ РЕСУРОВ И ДОСТУП К НИМ
Универсальный идентификатор ресурса (Uniform Resource Identifier) http://vivaldi.nlr.ru/lt000070162/view
856 #1 - МЕСТОНАХОЖДЕНИЕ ЭЛЕКТРОННЫХ РЕСУРОВ И ДОСТУП К НИМ
Универсальный идентификатор ресурса (Uniform Resource Identifier) http://vivaldi.nlr.ru/lt000070162/cover
856 #2 - МЕСТОНАХОЖДЕНИЕ ЭЛЕКТРОННЫХ РЕСУРОВ И ДОСТУП К НИМ
Универсальный идентификатор ресурса (Uniform Resource Identifier) http://vivaldi.nlr.ru/lt000070162/text
901 ## - ДАННЫЕ ОБ ОБЪЕКТЕ ОЦИФРОВКИ
-- Изографические материалы
942 ## - ДОПОЛНИТЕЛЬНЫЕ ЭЛЕМЕНТЫ ЗАПИСИ (АБИС)
Тип экземпляра АБИС Визуальный материал
980 ## - КОЛЛЕКЦИЯ
Название коллекции Национальная библиография
981 17 - КОЛЛЕКЦИЯ ЭЛЕКТРОННОЙ БИБЛИОТЕКИ
Название коллекции Изографические материалы
Название подколлекции
Экземпляры
Тип экземпляра Дата поступления Библиотека постоянного хранения Библиотека текущего хранения Место хранения Шифр хранения Штрих-код Статус экземпляра
Визуальный материал 07.07.2015 РНБ (Садовая) РНБ (Садовая) Фонд эстампов и фотографий, Лист. Э Пр.гр./М516м ERR-51221